Glacial drift in Illinois: thickness and character /

Bibliographic Details
Main Author: Piskin, Kemal
Other Authors: Bergstrom, Robert Edward
Format: Book
Language:English
Published: Urbana, [publisher not identified] ; 1967.
Series:Illionis. State Geological Survey. Circular ; 416
Subjects:

MARC

Tag First Indicator Second Indicator Subfields
LEADER 00000cam a2200000 4500
001 in00000298021
005 20151010145345.0
008 690526s1967 iluab b s00010 eng c
010 |a a 68007110  
035 |a (OCoLC)00009468 
035 |9 ABH7442AM 
040 |a Illinois. Univ. Library  |c DLC  |d TXA  |d UtOrBLW 
043 |a n-us-il 
049 |a TXAM  |c [659516] 
050 0 0 |a QE105  |b .A45 no. 416 
082 0 |a 551.7/92/09773 
100 1 |a Piskin, Kemal. 
245 1 0 |a Glacial drift in Illinois: thickness and character /  |c [by] Kemal Piskin [and] Robert E. Bergstrom. 
264 1 |a Urbana,  |b [publisher not identified] ;  |c 1967. 
300 |a 33 pages :  |b illustrations, maps (2 folded in pocket) ;  |c 25 cm. 
336 |a text  |b txt  |2 rdacontent 
337 |a unmediated  |b n  |2 rdamedia 
338 |a volume  |b nc  |2 rdacarrier 
490 1 |a Illionis. State Geological Survey. Circular ;  |v 416 
500 |a Cover title. 
504 |a Bibliography: pages 22-25. 
650 0 |a Glacial epoch  |z Illinois. 
650 0 |a Drift. 
700 1 |a Bergstrom, Robert Edward. 
810 1 |a Illionis.  |b State Geological Survey.  |t Circular ;  |v 416. 
999 |a MARS 
999 f f |s 688de1d4-5c76-3292-a7f5-c142ad0bc1b7  |i 91702b09-3b56-32a9-ba9a-804d2d021cf1  |t 0 
952 f f |a Texas A&M University  |b College Station  |c Sterling C. Evans Library  |s Evans stk  |d Evans: Library Stacks  |t 0  |e QE105 .A45 no. 415-420  |h Library of Congress classification 
998 f f |a QE105 .A45 no. 415-420  |t 0  |l Evans: Library Stacks